000 06560cam a2200469Ia 4500
001 1080940730
003 OCoLC
005 20241105181840.0
006 m o d
007 cr cn|||||||||
008 190104s2019 nyua ob 000 0 eng d
020 _a9780071833905
020 _a0071833900
035 _a(OCoLC)1080940730
040 _aVTU
_beng
_cVTU
_dOCLCO
_dVTM
_dUIU
_dOCLCA
_dYYE
049 _aYYEA
_aVZYM
080 _a618
_bC-95
245 0 0 _aCurrent diagnosis & treatment
_bobstetrics & gynecology /
_c[edited by] Alan H. DeCherney [and three others].
246 3 _aCurrent diagnosis and treatment :
_bobstetrics and gynecology.
246 3 _aObstetrics & gynecology.
246 3 _aObstetrics and gynecology.
250 _a12th ed.
260 _a[New York] :
_bMcGraw-Hill Education,
_c[2019]
365 _b56.69 usd
500 _aPrevious edition published 2013.
500 _aEINSTEIN & MMC: available online via AccessMedicine. See Reference staff for assistance.
504 _aIncludes bibliographical references.
505 0 _aSection I. Reproduction basics -- Section II. Normal obstetrics -- Section III. Pregnancy at risk -- Section IV. Surgical & medical complications of pregnancy -- Section V. General gynecology -- Section VI. Gynecologic oncology -- Section VII. Reproductive endocrinology & infertility -- Section VIII. Psychological & social Issues.
505 0 0 _tAnatomy of the female reproductive system /
_rCarter M. Owen, Ryan J. Heitmann --
_tEmbryology of the urogenital system & congenital anomalies of the genital tract /
_rCatherine M. DeUgarte --
_tGenetic disorders & sex chromosome abnormalities /
_rSomjate Manipalviratn [and four others] --
_tPhysiology of reproduction in women /
_rConnie Alford, Sahadat K. Nurudeen --
_tThe breast /
_rAmer Karam --
_tNormal pregnancy and prenatal care /
_rHelene B. Bernstein --
_tNormal & abnormal labor & delivery /
_rTerri-Ann Bennett, Christine Proudfit, Ashley S. Roman --
_tMaternal physiology during pregnancy & fetal & early neonatal physiology /
_rAmy A. Flick, Daniel A. Kahn --
_tNormal newborn assessment & care /
_rElisabeth L. Raab, Lisa K. Kelly --
_tThe normal puerperium /
_rCaroline Pessel, Ming C. Tsai --
_tImaging in obstetrics /
_rSimi Gupta, Ashley S. Roman --
_tAssessment of at-risk pregnancy /
_rShobha H. Mehta, Robert J. Sokol --
_tEarly pregnancy risks /
_rAnn-Marie Surette, Samantha M. Dunham --
_tLate pregnancy complications /
_rAshley S. Roman --
_tCongenital fetal infections /
_rUnzila Nayeri, Stephen F. Thung --
_tDisproportionate fetal growth /
_rJeannine Rahimian --
_tMultiple gestation /
_rMargaret Dziadosz, Ashley S. Roman --
_tThird-trimester vaginal bleeding /
_rSarah A. Wagner --
_tMalpresentation & cord prolapse /
_rKaren Kish --
_tOperative delivery /
_rMarc H. Incerpi --
_tPostpartum hemorrhage & the abnormal puerperium /
_rSarah B.H. Poggi --
_tNeonatal resuscitation /
_rElisabeth L. Raab, Lisa K. Kelly --
_tCritical care obstetrics /
_rNathan S. Fox, Johanna Weiss, Ramada S. Smith.
505 0 0 _tObstetric analgesia & anesthesia /
_rJohn S. McDonald, Biing-Jaw Chen, Wing-Fai Kwan --
_tSurgical disorders in pregnancy /
_rElla Speichinger, Christine H. Holschneider --
_tHypertension in pregnancy /
_rJonathan Y. Rosner, Shilpi S. Mehta-Lee --
_tCardiac disorders in pregnancy /
_rJennifer Duffy, Afshan B. Hameed -- Pulmonary disorders in pregnancy /
_rMartin N. Montoro --
_tRenal & urinary tract disorders in pregnancy /
_rNathan S. Fox, Andrei Rebarber --
_tGastrointestinal disorders in pregnancy /
_rChad K. Klauser, Daniel H. Saltzman --
_tDermatologic disorders in pregnancy /
_rAbigail Ford Winkel --
_tDiabetes mellitus & pregnancy /
_rAisling Murphy, Carla Janzen --
_tThyroid & other endocrine disorders during pregnancy /
_rCynthia Gyamfi Bannerman --
_tNervous system & autoimmune disorders in pregnancy /
_rLaura Kalayjian, T. Murphy Goodwin, Richard H. Lee --
_tHematologic disorders in pregnancy /
_rChristina Arnett, Jeffrey S. Greenspoon, Ashley S. Roman --
_tGynecologic history, examination, & diagnostic procedures /
_rCharles Kawada, Drorith Hochner-Celnikier --
_tImaging in gynecology /
_rMeghan C. Ozcan, Alan H. DeCherney, Micah J. Hill --
_tPediatric & adolescent gynecology /
_rDvora Bauman --
_tComplications of menstruation & abnormal uterine bleeding /
_rAsher Shushan --
_tBenign disorders of the vulva & vagina /
_rJacob Bornstein --
_tBenign disorders of the uterine cervix /
_rChetna Arora, Izabella Khachikyan, Pamela Stratton --
_tBenign disorders of the uterine corpus /
_rMichael P. Dougherty, Alan H. DeCherney --
_tBenign disorders of the ovaries & oviducts /
_rOfer Lavie --
_tUrinary incontinence & pelvic floor disorders /
_rChristopher M. Tarnay and [and three others] --
_tSexually transmitted diseases & pelvic infections /
_rGrace E. Whiteley --
_tAntimicrobial chemotherapy /
_rShmuel Benenson.
505 0 0 _tPerioperative, intraoperative, & postoperative complications in gynecologic surgery /
_rCecilia K. Wieslander, Kyle Bukowski --
_tTherapeutic gynecologic procedures /
_rCecilia K. Wieslander, Tracy N. Hadnott, Kyle Bukowski --
_tPremalignant & malignant disorders of the vulva & vagina /
_rAmer Karam --
_tPremalignant & malignant disorders of the uterine cervix /
_rLisa M. Garcia, Christine H. Holschneider --
_tPremalignant & malignant disorders of the uterine corpus /
_rMana Baskovic, Oliver Dorigo --
_tPremalignant & malignant disorders of the ovaries & oviducts /
_rThalia R. Segal, Baruch S. Abittan --
_tGestational trophoblastic diseases /
_rPaola Aghajanian, B.J. Rimel --
_tRadiation and chemotherapy for gynecologic cancers /
_rWafic M. ElMasri, Oliver Dorigo --
_tInfertility /
_rCheryl Yondorf [and three others] --
_tAmenorrhea /
_rAlex Simon, Wendy Y. Chang, Alan H. DeCherney --
_tHirsutism /
_rMatan Elami-Suzin, Ariel Revel --
_tEndometriosis /
_rAssaf Ben-Meir, Susan Sarajari --
_tAssisted reproductive technologies: in vitro fertilization & related techniques /
_rKonstantinos G. Michalakis, Alan H. DeCherney, Alan S. Penzias --
_tContraception & family planning /
_rRonald T. Burkman, Amnon Brzezinski --
_tMenopause & postmenopause /
_rLauren W. Sundheimer, Lauren Nathan --
_tDomestic violence & sexual assault /
_rMichael C. Lu [and three others].
650 2 _aObstetrics.
650 2 _aGynecology.
650 2 _aGenital Diseases, Female
_xdiagnosis.
650 2 _aGenital Diseases, Female
_xtherapy.
650 2 _aPregnancy Complications.
653 _aგინეკოლოგია
653 _aმეანობა
700 1 _aDeCherney, Alan H.
710 2 _aMcGraw-Hill Companies.
942 _2udc
_cBK
_e12
999 _c51
_d51